Maḥazot ve-hamḥazat sipure ʻam (Record no. 33536)
[ view plain ]
| 000 -LEADER | |
|---|---|
| fixed length control field | 00645cam a22002291 4500 |
| 001 - CONTROL NUMBER | |
| control field | he 68002249 |
| 003 - CONTROL NUMBER IDENTIFIER | |
| control field | DLC |
| 005 - DATE AND TIME OF LATEST TRANSACTION | |
| control field | 20260227111501.0 |
| 008 - FIXED-LENGTH DATA ELEMENTS--GENERAL INFORMATION | |
| fixed length control field | 940322s1966 is a 000 0 heb |
| 010 ## - LIBRARY OF CONGRESS CONTROL NUMBER | |
| LC control number | he 68002249 |
| 025 ## - OVERSEAS ACQUISITION NUMBER | |
| Overseas acquisition number | PL480:Is-6233 |
| 035 ## - SYSTEM CONTROL NUMBER | |
| System control number | (OCoLC)29998061 |
| 040 ## - CATALOGING SOURCE | |
| Original cataloging agency | DLC |
| Transcribing agency | TxU |
| Modifying agency | DLC |
| 042 ## - AUTHENTICATION CODE | |
| Authentication code | premarc |
| 050 00 - LIBRARY OF CONGRESS CALL NUMBER | |
| Classification number | PZ90.H3 |
| Item number | V3 |
| 100 1# - MAIN ENTRY--PERSONAL NAME | |
| Personal name | Ṿardi, Zeʼev. |
| 245 10 - TITLE STATEMENT | |
| Title | Maḥazot ve-hamḥazat sipure ʻam |
| Statement of responsibility, etc. | [me-et] Zeʼev Vardi. |
| 260 ## - PUBLICATION, DISTRIBUTION, ETC. | |
| Place of publication, distribution, etc. | Tel-Aviv, |
| Name of publisher, distributor, etc. | Seminar ha-hikutsim, ha-Mʻabadah ha-pedagogit, |
| Date of publication, distribution, etc. | 727 [1966 or 7] |
| 300 ## - PHYSICAL DESCRIPTION | |
| Extent | 22 l. |
| Other physical details | illus. |
| Dimensions | 26 cm. |
| 500 ## - GENERAL NOTE | |
| General note | Cover title. |
| 500 ## - GENERAL NOTE | |
| General note | Vocalized. |
No items available.